Conceptualización teórica y los análisis sobre el desarrollo del capitalismo en el campo y la formación de su estructura de clases /
محفوظ في:
| المؤلف الرئيسي: | |
|---|---|
| التنسيق: | نص |
| اللغة: | Spanish |
| منشور في: |
Managua:
CIERA
|
| الوسوم: |
إضافة وسم
لا توجد وسوم, كن أول من يضع وسما على هذه التسجيلة!
|
MARC
| LEADER | 00000 a a2200000 04500 | ||
|---|---|---|---|
| 001 | 21013 | ||
| 003 | cru CRAI/IIS | ||
| 005 | 20210513104305.0 | ||
| 008 | 210513b |||||||| |||| 00| 0 spa d | ||
| 040 | |c CRAI/IIS | ||
| 090 | |a 09056.00 | ||
| 100 | 1 | |a Baumeister, Eduardo | |
| 245 | 1 | |a Conceptualización teórica y los análisis sobre el desarrollo del capitalismo en el campo y la formación de su estructura de clases / |c Eduardo Baumeister | |
| 260 | |a Managua: |b CIERA | ||
| 300 | |a 42 p. | ||
| 942 | |2 ddc |c LI | ||
| 999 | |c 14448 |d 14448 | ||
